ბათუმის შოთა რუსთაველის სახელმწიფო უნივერსიტეტის ბიბლიოთეკა

orman fakultesi dergisi #2. 2009 (ბიბ.ჩანაწერი № 54813)

000 -LEADER
fixed length control field 00644nam a2200205Ia 4500
001 - CONTROL NUMBER
control field 21882
003 - CONTROL NUMBER IDENTIFIER
control field GE_BSU
008 - FIXED-LENGTH DATA ELEMENTS--GENERAL INFORMATION
fixed length control field 181216s||||||||xx |||||||||||||| ||und||
040 ## - CATALOGING SOURCE
Transcribing agency GE_BSU
245 ## - TITLE STATEMENT
Title orman fakultesi dergisi #2. 2009
245 ## - TITLE STATEMENT
Statement of responsibility, etc. Editor Aydin Tufekcioglu
250 ## - EDITION STATEMENT
Edition statement Artvin coruh universitesi
260 ## - PUBLICATION, DISTRIBUTION, ETC.
Place of publication, distribution, etc. Artvin
260 ## - PUBLICATION, DISTRIBUTION, ETC.
Date of publication, distribution, etc. 2009
300 ## - PHYSICAL DESCRIPTION
Extent 123 p. 27 cm. ill.
653 ## - INDEX TERM--UNCONTROLLED
Uncontrolled term orman fakultesi dergisi #2. 2009
653 ## - INDEX TERM--UNCONTROLLED
Uncontrolled term Турецкий журнал. Факультет лесоводства
653 ## - INDEX TERM--UNCONTROLLED
Uncontrolled term თურქული ჟურნალი. სატყეო ფაკულტეტი
942 ## - ADDED ENTRY ELEMENTS (KOHA)
Koha item type პერიოდიკა
ეგზემპლარები
Withdrawn status Lost status Damaged status Not for loan Date acquired Barcode Date last seen Price effective from Koha item type Public note
        2018-12-17 p 79049 2018-12-17 2018-12-17 პერიოდიკა პერიოდიკა